Futuro de la formación técnica y profesional / Aldo Visalberghi, con la colaboración de Luigi Borelli ... [et al.]
Descripción Física:
188 p. ; 22 cm
Otros Autores:
Borelli, Luigi
MARC
| LEADER | 00000nam a2200000Ia 4500 | ||
|---|---|---|---|
| 001 | 1378 | ||
| 008 | 160829s1974 xx 000 0 cat d | ||
| 080 | |a E-1-96 | ||
| 100 | |a Visalberghi, Aldo |9 32521 | ||
| 245 | |a Futuro de la formación técnica y profesional / Aldo Visalberghi, con la colaboración de Luigi Borelli ... [et al.] | ||
| 260 | |a Madrid : |b ICCE, |c 1974 | ||
| 300 | |a 188 p. ; |c 22 cm | ||
| 490 | |a Colección ciencias de la educación. Serie Europa 2000 | ||
| 650 | |a Ensenyament tècnic |9 26880 | ||
| 650 | |a Formació professional |9 38621 | ||
| 700 | |a Borelli, Luigi |9 32522 | ||
| 901 | |a Arxiu | ||
| 942 | |n 1 | ||
| 952 | |0 0 |1 0 |4 0 |6 E196 |7 1 |9 46017 |a Arxiu |b Arxiu |d 2016-12-01 |l 0 |o E-1-96 |p 1378 |r 2016-12-01 00:00:00 |w 2016-12-01 |y ARXIU | ||
| 999 | |c 49518 |d 49518 | ||